Az adatbiztonság kihívásai a mesterséges intelligencia és a felhőszolgáltatások korában a GDPR gyakorlati alkalmazhatóságának vizsgálata

Bibliográfiai részletek
Szerző: Viski Ádám
További közreműködők: Erdélyi Katalin
Dokumentumtípus: TDK dolgozat
Kulcsszavak:adatjogosultság
etikai szabályok
EU
mesterséges intelligencia
Microsoft
Online Access:http://dolgozattar.uni-bge.hu/60424

MARC

LEADER 00000nta a2200000 i 4500
001 dolg60424
005 20260416073654.0
008 260416suuuu hu o 000 hun d
040 |a BGE Dolgozattár Repozitórium  |b hun 
041 |a hu 
100 1 |a Viski Ádám 
245 1 3 |a Az adatbiztonság kihívásai a mesterséges intelligencia és a felhőszolgáltatások korában  |b a GDPR gyakorlati alkalmazhatóságának vizsgálata  |c Viski Ádám  |h [elektronikus dokumentum] 
516 |a Students_Scientific_Association_paper 
520 3 |a A dolgozat célja az adatbiztonság aktuális kihívásainak feltárása a mesterséges intelligencia és a felhőszolgáltatások területén, valamint annak vizsgálata, hogy az általános adatvédelmi rendelet (GDPR) mennyiben képes hatékony védelmet biztosítani ezekben a modern környezetekben. A mesterséges intelligencia alapú rendszerek és a felhőplatformok működése számos adatkezelési és jogi kérdést vet fel, amelyek túlmutatnak a hagyományos adatvédelmi kereteken. A kutatás célja, hogy összehasonlító elemzés segítségével értékelje a GDPR alkalmazhatóságát és hatékonyságát különböző szolgáltatások példáján keresztül. A vizsgálat magába foglalja a jogi megközelítést és a gazdaságinformatikai szemléletet. Elemzi a technológiai megoldások működését, valamint a szabályoknak megfelelés mértékét. A kutatás várható eredménye, hogy rávilágítson a szabályozás gyakorlati korlátaira és javaslatokat fogalmazzon meg a modern digitális környezethez jobban illeszkedő adatvédelmi irányelvekre. 
695 |a adatjogosultság 
695 |a etikai szabályok 
695 |a EU 
695 |a mesterséges intelligencia 
695 |a Microsoft 
700 1 |a Erdélyi Katalin  |e ths 
856 4 0 |u http://dolgozattar.uni-bge.hu/60424/1/TDK_Viski_%C3%81d%C3%A1m.pdf  |z Dokumentum-elérés 
856 4 0 |u http://dolgozattar.uni-bge.hu/60424/2/Rez%C3%BCm%C3%A9.docx  |z Dokumentum-elérés 
856 4 0 |u http://dolgozattar.uni-bge.hu/60424/3/Dolgozat_biralati_lap_2025_Viski_%C3%81d%C3%A1m.pdf  |z Dokumentum-elérés 
856 4 0 |u http://dolgozattar.uni-bge.hu/60424/4/05_Dolgozat_biralati_lap_2025_HU%20%C3%9AJ%20LOGO%20Viski%20%C3%81d%C3%A1m.pdf  |z Dokumentum-elérés